Sonora un siglo de literatura : (Record no. 72156)

MARC details
000 -LEADER
fixed length control field 00720cam a2200193 4500
008 - FIXED-LENGTH DATA ELEMENTS--GENERAL INFORMATION
fixed length control field 090306t1993 mx 000 0 spa u
020 ## - INTERNATIONAL STANDARD BOOK NUMBER
International Standard Book Number 9682948800
050 04 - LIBRARY OF CONGRESS CALL NUMBER
Classification number PQ7291 .S62
Item number S65 1993
245 10 - TITLE STATEMENT
Title Sonora un siglo de literatura :
Remainder of title Poesía, narrativa y teatro (1936-1992) /
Statement of responsibility, etc Selec., prol. y notas de Gilda Rocha
250 ## - EDITION STATEMENT
Edition statement 1a ed.
260 ## - PUBLICATION, DISTRIBUTION, ETC. (IMPRINT)
Place of publication, distribution, etc México, D.F. :
Name of publisher, distributor, etc Consejo Nacional para la Cultura y las Artes,
Date of publication, distribution, etc c1993
300 ## - PHYSICAL DESCRIPTION
Extent 373 p.;
Dimensions 21cm.
440 ## - SERIES STATEMENT/ADDED ENTRY--TITLE
Title Letras de la República
650 #7 - SUBJECT ADDED ENTRY--TOPICAL TERM
Topical term or geographic name as entry element Literatura mexicana
Geographic subdivision México (Estado, de Sonora)
Source of heading or term Lemb
700 ## - ADDED ENTRY--PERSONAL NAME
Personal name Rocha, Gilda
Relator term Comp.
710 ## - ADDED ENTRY--CORPORATE NAME
Corporate name or jurisdiction name as entry element Consejo Nacional para la Cultura y las Artes (México)
942 ## - ADDED ENTRY ELEMENTS (KOHA)
Source of classification or shelving scheme Biblioteca del Cogreso de los Estados Unidos
Koha item type Libro
Holdings
Estado de pérdida Fuente de clasificación Estado del daño No para préstamo Ubicación permanente Ubicación actual Apartado o colección Fecha de adquisición Área del conocimiento Clasificación Código de Barras Date last seen Número de copia Tipo de recurso
  Biblioteca del Cogreso de los Estados Unidos     Biblioteca del Instituto de Investigaciones Históricas Biblioteca del Instituto de Investigaciones Históricas General 30/11/2018 Ciencias Sociales y Administrativas PQ7291 .S6S65 1993 IIH000027535 30/11/2018 C:1 Libro